Sports Quiz

Random Sports or NFL Quiz

NFL Hall of Fame QBs Quiz Stats

 Plays Quiz Updated Feb 6, 2021

Support Sporcle.
Go Orange.
Score 0/27 Timer 05:00
15 Plays Today
Years Played Name % Correct
1998-2015Peyton Manning
94.8%
1979-1994Joe Montana
90.8%
1983-1999Dan Marino
87.6%
1985-1999Steve Young
85.2%
1983-1998John Elway
84.3%
1991-2010Brett Favre
84.2%
1970-1983Terry Bradshaw
77.8%
1989-2000Troy Aikman
77.7%
1956-1973Johnny Unitas
76.6%
1956-1971Bart Starr
73.7%
1965-1977Joe Namath
71%
1984-2000Warren Moon
70.5%
1969-1979Roger Staubach
66.9%
1986-1996Jim Kelly
64.3%
Years Played Name % Correct
1998-2009Kurt Warner
63.3%
1961-1978Fran Tarkenton
61%
1970-1984Ken Stabler
56.3%
1973-1987Dan Fouts
52.1%
1948-1964Y.A. Tittle
46.4%
1967-1980Bob Griese
42.8%
1957-1975Len Dawson
40.2%
1946-1955Otto Graham
37.2%
1949-1975George Blanda
33.5%
1957-1974Sonny Jurgensen
23.4%
1949-1960Norm Van Brocklin
22.6%
1948-1962Bobby Layne
19.3%
1945-1952Bob Waterfield
10.5%

From the Vault

10 Closest Capitals to Seoul

by RobPro

Capitals are the soul of geography.
Remove Ads.
Support Sporcle.
Get the best of Sporcle when you Go Orange. This ad-free experience offers more features, more stats, and more fun while also helping to support Sporcle. Thank you for becoming a member.

Show Comments

Extras

Top Quizzes Today


Score Distribution

Your Account Isn't Verified!

In order to create a playlist on Sporcle, you need to verify the email address you used during registration. Go to your Sporcle Settings to finish the process.

Report this User

Report this user for behavior that violates our Community Guidelines.

Details: